[Event "Washington Class Championships"]
[Site "Lynnwood, WA"]
[Date "2014.11.28"]
[Round "1"]
[White "Davis Frederick  (WA)"]
[Black "Yeo Noah  (WA)"]
[Result "1-0"]
[WhiteElo "1886"]
[BlackElo "1731"]
[Annotator ""]
[Source ""]
[Remark "Class A"]

1.e4 e5 2.Nf3 Nc6 3.Bc4 Nf6 4.d4 exd4 5.O-O Bc5 6.e5 d5 7.exf6
dxc4 8.Re1+ Be6 9.Ng5 Qd5 10.Nc3 Qf5 11.Nce4 Bd6 12.g4 Qg6 13.Nxd6+
cxd6 14.f4 gxf6 15.f5 Qg7 16.Ne4 Bd7 17.Nxd6+ Kd8 18.Bf4 Bc8
19.c3 d3 20.Bg3 Ne5 21.Nxc4 Bd7 22.Nxe5 fxe5 23.Qxd3 f6 24.Rad1
h6 25.Qb5 Kc8 26.Qc4+ Kd8 27.Rd2 Ke8 28.Qc7 Rd8 29.Re4 Rh7 30.Qxb7
h5 31.Qxa7 h4 32.Bf2 Bxf5 33.Rxd8+ Kxd8 34.Qxg7 Rxg7 35.Ra4 Rxg4+
36.Rxg4 Bxg4 37.Bxh4 Ke7 38.Kf2 Ke6 39.a4 Bf5 40.Ke3 Bh3 41.c4
Bg2 42.b4 f5 43.Bg5 Kf7 44.c5 Bh3 45.b5 Ke6 46.b6 Kd7 47.a5 Bg2
48.h4 Bd5 49.h5 Kc8 50.h6 Bg8 51.a6 Kb8 52.c6 Bh7 53.c7+ Kc8
54.a7 Kb7 55.c8Q+ Kxc8 56.a8Q+ 1-0

[Event "Washington Class Championships"]
[Site "Lynnwood, WA"]
[Date "2014.11.29"]
[Round "1"]
[White "Jiang Andrew  (WA)"]
[Black "Wang Everett  (WA)"]
[Result "0-1"]
[WhiteElo "418"]
[BlackElo "954"]
[Annotator ""]
[Source ""]
[Remark "Class E"]

1.e4 e6 2.d4 d5 3.e5 c5 4.c3 Nc6 5.Nf3 Qb6 6.b3 a5 7.Qc2 cxd4
8.cxd4 Nxd4 9.Nxd4 Qxd4 10.Bb2 Qe4+ 11.Qxe4 dxe4 12.Nc3 Bb4 13.a3
Bxc3+ 14.Bxc3 Ne7 15.Bc4 Nd5 16.Rd1 Nxc3 17.Rc1 Nd5 18.Bxd5 exd5
19.Rd1 Be6 20.O-O Rc8 21.Rc1 O-O 22.f4 exf3 23.Rxc8 Rxc8 24.Rxf3
Rc1+ 25.Kf2 Rc2+ 26.Kg3 d4 27.Rd3 Rc3 28.Rf3 Bxb3 29.Kf2 Rxf3+
30.Kxf3 d3 31.Ke3 Bc4 32.Kd2 Kf8 33.Kc3 Ke7 34.Kd2 b5 35.Kc3
b4+ 36.axb4 axb4+ 37.Kb2 Ke6 38.g4 Kxe5 39.h4 Ke4 40.g5 Ke3 41.Kc1
Ke2 0-1

[Event "Washington Class Championships"]
[Site "Lynnwood, WA"]
[Date "2014.11.28"]
[Round "1"]
[White "Rajagopal Maneesh  (WA)"]
[Black "Anthony Ralph  (WA)"]
[Result "0-1"]
[WhiteElo "1504"]
[BlackElo "1579"]
[Annotator ""]
[Source ""]
[Remark "Class B"]

1.e4 d6 2.d4 Nf6 3.Bd3 g6 4.c3 Bg7 5.Nf3 Nbd7 6.Qc2 e5 7.d5 O-O
8.Nbd2 Nc5 9.Be2 a5 10.O-O Nh5 11.Nb3 Nd7 12.a4 f5 13.exf5 gxf5
14.Bg5 Qe8 15.Nbd2 Qg6 16.Nc4 Rf7 17.Bd2 Bf6 18.Rfe1 Rg7 19.Bf1
e4 20.Nd4 Nc5 21.g3 f4 22.Ne6 Bxe6 23.dxe6 fxg3 24.hxg3 Nxg3
25.Ne3 Ne2+ 26.Kh2 Qg1+ 27.Kh3 Qh1# 0-1

[Event "Washington Class Championships"]
[Site "Lynnwood, WA"]
[Date "2014.11.28"]
[Round "2"]
[White "Truluck Maxwell  (WA)"]
[Black "Williams Antonio  (CO)"]
[Result "1-0"]
[WhiteElo "1479"]
[BlackElo "1375"]
[Annotator ""]
[Source ""]
[Remark "Class C"]

1.e4 c5 2.Nf3 g6 3.d4 cxd4 4.Qxd4 Nf6 5.e5 Nc6 6.Qa4 Nd5 7.Qe4
Nc7 8.Nc3 Bg7 9.Bc4 O-O 10.Bf4 d6 11.O-O-O Bf5 12.Qe3 Nb4 13.Nd4
Qc8 14.a3 Nc6 15.Nxf5 Qxf5 16.exd6 exd6 17.Bxd6 Rfe8 18.Qf4 Qxf4+
19.Bxf4 Ne6 20.Bg3 Rac8 21.Nb5 Red8 22.Nd6 Rc7 23.Bxe6 fxe6 24.Ne8
Rcd7 25.Nxg7 Kxg7 26.Rxd7+ Rxd7 27.Rd1 Rxd1+ 28.Kxd1 Kf6 29.Kd2
Kf5 30.Kd3 a6 31.Kc4 Ke4 32.Kc5 Nd4 33.c3 Nb3+ 34.Kb6 Kd3 35.Kxb7
a5 36.Kb6 Kc2 37.c4 Kxb2 38.c5 Nxc5 39.Kxc5 Kxa3 40.Kd6 Kb3 41.Kxe6
a4 42.Kf7 g5 43.h4 g4 44.Kg7 a3 45.Be5 a2 46.Kxh7 Kc2 47.Kg6
Kb1 48.h5 1-0

[Event "Washington Class Championships"]
[Site "Lynnwood, WA"]
[Date "2014.11.28"]
[Round "2"]
[White "He Samuel  (WA)"]
[Black "Sang Tian  (WA)"]
[Result "1-0"]
[WhiteElo "2219"]
[BlackElo "2341"]
[Annotator ""]
[Source ""]
[Remark "Master"]

1.d4 Nf6 2.Nf3 e6 3.c3 b6 4.Bf4 Bb7 5.e3 Be7 6.Nbd2 Nh5 7.Bg3
d6 8.Bd3 Nd7 9.Qe2 c5 10.a4 a6 11.Nc4 Nxg3 12.hxg3 Qc7 13.O-O
O-O 14.Rac1 g6 15.e4 Rfe8 16.Rfe1 Bf8 17.e5 dxe5 18.dxe5 Bc6
19.b3 Red8 20.Be4 b5 21.axb5 axb5 22.Bxc6 Qxc6 23.Ne3 Bg7 24.Nc2
Nb6 25.Ne3 Nd7 26.Nc2 Ra2 27.Qd3 Rda8 28.Rcd1 Nb6 29.Ne3 Bf8
30.Ng4 Nd5 31.Qe4 Qc7 32.c4 bxc4 33.bxc4 R2a4 34.Qc2 h5 35.cxd5
hxg4 36.d6 Qc6 37.Ng5 Ra2 38.Qe4 Qd7 39.Qxg4 R2a4 40.Ne4 Bg7
41.Nxc5 Rxg4 42.Nxd7 Rd8 43.Nc5 Rc4 44.Nd3 f6 45.exf6 Bxf6 46.Rxe6
Kf7 47.Ne5+ Kxe6 48.Nxc4 Rc8 49.Re1+ Kf7 50.Ne3 Rd8 51.Rd1 Ke6
52.d7 Rxd7 53.Rxd7 Kxd7 54.Kf1 Ke6 55.Ke2 Bd4 56.Kd3 Ba7 57.Ke4
Bb8 58.f4 Ba7 59.g4 Bc5 60.g5 Ba3 61.Nc4 1-0

[Event "Washington Class Championships"]
[Site "Lynnwood, WA"]
[Date "2014.11.28"]
[Round "2"]
[White "Greninger Harley  (WA)"]
[Black "Patterson Roger  (CAN)"]
[Result "1/2-1/2"]
[WhiteElo "2163"]
[BlackElo "2141"]
[Annotator ""]
[Source ""]
[Remark "Master"]

1.d4 f5 2.Bg5 g6 3.Nc3 Bg7 4.e4 fxe4 5.Nxe4 d5 6.Nc5 b6 7.Nb3
Nf6 8.Nf3 O-O 9.Be2 Nbd7 10.O-O Bb7 11.Bh4 Re8 12.Ne5 Nxe5 13.dxe5
Nd7 14.f4 Nf8 15.Bg4 c5 16.c3 Qc7 17.Qc2 e6 18.a4 a5 19.Be2 Nd7
20.Bb5 Bf8 21.Nd2 Be7 22.Bxe7 Rxe7 23.Nf3 Bc6 24.Bxc6 Qxc6 25.h4
Rf8 26.g3 Nb8 27.Kh2 Qe8 28.Ng5 1/2-1/2

[Event "Washington Class Championships"]
[Site "Lynnwood, WA"]
[Date "2014.11.29"]
[Round "2"]
[White "Thakur Eamon  (WA)"]
[Black "Jiang Brandon  (WA)"]
[Result "1-0"]
[WhiteElo "1145"]
[BlackElo "837"]
[Annotator ""]
[Source ""]
[Remark "Class E"]

1.d4 d5 2.Nf3 Nf6 3.e3 Nc6 4.c3 e6 5.Bd3 Bd6 6.Nbd2 b6 7.O-O
O-O 8.e4 Bb7 9.e5 Nxe5 10.dxe5 Nd7 11.exd6 cxd6 12.Qc2 Nf6 13.Nb3
e5 14.Ng5 e4 15.Be2 Qc7 16.f3 Rae8 17.Bb5 Bc6 18.Bxc6 Qxc6 19.Nd4
Qb7 20.Bf4 Rd8 21.Rae1 Rfe8 22.Nb5 Qc6 23.Nxa7 Ra8 24.Nxc6 Rxa2
25.fxe4 dxe4 26.Nxe4 Nd5 27.Ng5 Raa8 28.Qxh7+ Kf8 29.Qh8# 1-0

[Event "Washington Class Championships"]
[Site "Lynnwood, WA"]
[Date "2014.11.29"]
[Round "2"]
[White "Kam Ethan  (WA)"]
[Black "Lewis-Sandy Joshua  (WA)"]
[Result "0-1"]
[WhiteElo "1251"]
[BlackElo "1405"]
[Annotator ""]
[Source ""]
[Remark "Class D"]

1.d4 d5 2.c4 e6 3.Nc3 Nf6 4.Bg5 Nbd7 5.e3 c6 6.Nf3 Qa5 7.Qc2
Ne4 8.Bd3 Nxg5 9.Nxg5 dxc4 10.Bxc4 Qxg5 11.f4 Qg6 12.Bd3 f5 13.O-O-O
Bb4 14.g3 O-O 15.Rhe1 c5 16.Bc4 Nb6 17.Bd3 cxd4 18.exd4 Bd7 19.a3
Bxc3 20.bxc3 Rac8 21.Qb2 Rc7 22.Re2 Na4 23.Qb3 Rxc3+ 24.Qxc3
Nxc3 25.Rc2 Nd5 26.Bc4 Ne3 27.Rc3 Nxc4 28.Rxc4 Rc8 29.Rxc8+ Bxc8
30.Kb2 Qf6 31.Kc3 g5 32.Rc1 0-1

[Event "Washington Class Championships"]
[Site "Lynnwood, WA"]
[Date "2014.11.29"]
[Round "2"]
[White "Chan James  (CAN)"]
[Black "Kenney Jason  (CAN)"]
[Result "1-0"]
[WhiteElo "2116"]
[BlackElo "2094"]
[Annotator ""]
[Source ""]
[Remark "Master"]

1.e4 c6 2.d4 d5 3.e5 Bf5 4.Nf3 e6 5.Be2 c5 6.Be3 cxd4 7.Nxd4
Ne7 8.O-O Nbc6 9.c4 Nxd4 10.Bxd4 Nc6 11.cxd5 exd5 12.Nc3 Be7
13.Bg4 Be6 14.Bxe6 fxe6 15.Qg4 Nxd4 16.Qxd4 O-O 17.Kh1 Qa5 18.Qg4
Qa6 19.f4 Rf5 20.Nxd5 Bd8 21.Ne3 Rf7 22.f5 Bb6 23.fxe6 Rxf1+
24.Nxf1 Qb5 25.e7 Kf7 26.Qe4 Re8 27.Qf5+ Kg8 28.Qe6+ Kh8 29.Qf7
Bc5 30.Ng3 g6 31.Rd1 1-0

[Event "Washington Class Championships"]
[Site "Lynnwood, WA"]
[Date "2014.11.28"]
[Round "2"]
[White "Cross Jason  (WA)"]
[Black "Gorantla Surya  (WA)"]
[Result "0-1"]
[WhiteElo "1495"]
[BlackElo "1404"]
[Annotator ""]
[Source ""]
[Remark "Class C"]

1.c4 e5 2.Nc3 Nf6 3.g3 Nc6 4.Bg2 Bc5 5.d3 d6 6.Nf3 O-O 7.Bg5
Bb4 8.O-O Bxc3 9.bxc3 h6 10.Bd2 Be6 11.Rb1 Rb8 12.Qa4 e4 13.Nd4
Nxd4 14.cxd4 exd3 15.exd3 Qc8 16.Rb2 c6 17.Rfb1 d5 18.Bf4 b5
19.cxb5 cxb5 20.Qxa7 Ra8 21.Qb6 Bd7 22.Rc1 Qa6 23.Qxa6 Rxa6 24.Bd6
Rxd6 25.Rc5 Re8 26.h3 Re1+ 27.Kh2 Rd1 28.Rb3 Ra6 29.Rb2 Rxd3
30.Bxd5 Rxd4 31.Bb3 Rad6 32.Rbc2 Rd2 33.Kg2 Rxc2 34.Rxc2 Be6
35.Bxe6 Rxe6 36.Rc8+ Kh7 37.Rb8 Re5 38.Rb7 Kg6 39.Rb6 Kh7 40.Rb7
Kg6 41.Rb6 Rc5 42.Kf3 Rf5+ 43.Kg2 Rc5 44.Kf3 Rc2 45.Rxb5 Rxa2
46.Rb6 Ra3+ 47.Kg2 Ra7 48.g4 Kh7 49.f3 Nd5 50.Rb2 Ra3 51.Kg3
Nf6 52.Rb7 Ne4+ 53.Kf4 Ng5 54.Ke5 f6+ 55.Kd6 Nxf3 56.Ke7 Ng5
57.h4 Nf3 58.h5 Ne5 59.Kf8 Ra8+ 60.Ke7 Nxg4 61.Rb5 Rg8 62.Ke6
g6 63.Rb7+ Rg7 64.hxg6+ Kxg6 65.Rb8 h5 66.Rb4 Rf7 67.Rf4 f5 68.Rf1
Rf6+ 0-1

[Event "Washington Class Championships"]
[Site "Lynnwood, WA"]
[Date "2014.11.28"]
[Round "2"]
[White "Bailey Daniel  (WA)"]
[Black "Shaji Karthik  (WA)"]
[Result "1/2-1/2"]
[WhiteElo "1759"]
[BlackElo "1497"]
[Annotator ""]
[Source ""]
[Remark "Class B"]

1.e4 c5 2.Nf3 d6 3.d4 cxd4 4.Nxd4 Nf6 5.Nc3 a6 6.Bc4 e6 7.Bb3
Be7 8.Be3 Nc6 9.f4 Qc7 10.Qe2 b5 11.a3 Nxd4 12.Bxd4 e5 13.Be3
Bb7 14.O-O-O O-O 15.Bd5 Rac8 16.g4 Nxd5 17.Nxd5 Bxd5 18.Rxd5
Qc4 19.Qxc4 Rxc4 20.fxe5 dxe5 21.Rxe5 Bf6 22.Rd5 Rfc8 23.c3 Rxe4
24.Rc5 Rxc5 25.Bxc5 Rxg4 26.Re1 Bg5+ 27.Kc2 f6 28.Bd6 Bf4 29.Bxf4
Rxf4 30.h3 Rf2+ 31.Kb3 f5 32.a4 bxa4+ 33.Kxa4 Rxb2 34.Ka5 Rc2
35.Re3 f4 36.Rd3 Kf7 37.Kxa6 g5 38.Kb5 h5 39.c4 Kf6 40.Kc5 g4
41.hxg4 hxg4 42.Kd4 f3 43.Ke3 f2 44.Rd1 Kg5 45.Rf1 Rxc4 46.Kxf2
Rc2+ 47.Kg3 Rc3+ 48.Kg2 Re3 49.Rc1 Re4 50.Kg3 Rf4 1/2-1/2

[Event "Washington Class Championships"]
[Site "Lynnwood, WA"]
[Date "2014.11.28"]
[Round "2"]
[White "He Daniel  (WA)"]
[Black "MacGregor Michael  (WA)"]
[Result "1-0"]
[WhiteElo "2222"]
[BlackElo "2202"]
[Annotator ""]
[Source ""]
[Remark "Master"]

1.Nf3 Nf6 2.g3 g6 3.Bg2 Bg7 4.O-O d5 5.d3 O-O 6.Nbd2 c5 7.e4
Nc6 8.Re1 dxe4 9.dxe4 Be6 10.h3 h6 11.c3 Qd7 12.Kh2 Rad8 13.Qe2
Qd3 14.Qxd3 Rxd3 15.Bf1 Rdd8 16.Nb3 Nd7 17.Nfd2 Bxb3 18.axb3
Nde5 19.Re3 g5 20.Be2 f5 21.exf5 Rxf5 22.Kg2 Kh8 23.Ra4 Nf7 24.Bg4
Re5 25.Nf3 Rxe3 26.Bxe3 b6 27.h4 gxh4 28.Nxh4 Nfe5 29.Bf5 Rd6
30.Be4 a5 31.Kh3 e6 32.f4 Rd3 33.fxe5 Rxe3 34.Bxc6 Bxe5 35.Rg4
h5 36.Rg6 Kh7 37.Be8 Bd6 38.Bf7 Be7 39.Bg8+ Kh8 40.Bxe6 Bxh4
41.Kxh4 1-0

[Event "Washington Class Championships"]
[Site "Lynnwood, WA"]
[Date "2014.11.29"]
[Round "2"]
[White "Chapalgaonkar Harshad  (WA)"]
[Black "Bragg David  (WA)"]
[Result "0-1"]
[WhiteElo "1300"]
[BlackElo "2200"]
[Annotator ""]
[Source ""]
[Remark "Master"]

1.d4 Nf6 2.c4 g6 3.Nc3 Bg7 4.Bf4 O-O 5.e3 d5 6.Nf3 b6 7.Be2 Bb7
8.O-O Nh5 9.Bg3 Nxg3 10.hxg3 e6 11.Rc1 a6 12.b4 dxc4 13.Bxc4
Qd6 14.Qb3 Nd7 15.Rfd1 b5 16.Bd3 Nb6 17.Ne4 Qe7 18.Nc5 Bd5 19.Qc2
c6 20.Nd2 f5 21.a3 a5 22.Ra1 e5 23.Ndb3 a4 24.Na5 e4 25.Be2 Rf6
26.Rac1 g5 27.Bf1 g4 28.Qe2 Qf7 29.f3 gxf3 30.gxf3 exf3 31.Qf2
Rh6 32.Be2 Qh5 33.Kf1 fxe2+ 34.Ke1 exd1Q+ 35.Rxd1 Qh1+ 36.Kd2
Qh2 37.Rf1 Nc4+ 38.Kc3 Qxf2 39.Rxf2 Nxe3 40.Kd3 Re8 41.Nab7 Rg6 0-1

[Event "Washington Class Championships"]
[Site "Lynnwood, WA"]
[Date "2014.11.28"]
[Round "2"]
[White "Chandrasekar Siddharth  (WA)"]
[Black "Richards Jerrold  (WA)"]
[Result "1-0"]
[WhiteElo "1349"]
[BlackElo "1388"]
[Annotator ""]
[Source ""]
[Remark "Class C"]

1.e4 e6 2.d4 d5 3.exd5 exd5 4.c4 Nf6 5.Nc3 dxc4 6.Bxc4 Nc6 7.Be3
Ng4 8.Qd3 Nxe3 9.Qxe3+ Qe7 10.Qxe7+ Bxe7 11.Nf3 O-O 12.O-O Bg4
13.Rad1 Bxf3 14.gxf3 a6 15.Rfe1 Bd6 16.Bd5 Na5 17.a3 c6 18.Ba2
b5 19.Ne4 Bf4 20.Nc5 Nc4 21.Bxc4 bxc4 22.Re4 Bd6 23.Rc1 f5 24.Re6
Bxc5 25.dxc5 Rab8 26.Rxc6 Rxb2 27.Rxa6 Re8 28.c6 Rbb8 29.Rxc4
Rbc8 30.Rb6 Re6 31.a4 Rd8 32.c7 Re1+ 33.Kg2 Rc8 34.Rb8 Ree8 35.Rxc8
Rxc8 36.a5 Kf7 37.a6 Ke7 38.Rf4 Rxc7 39.Rxf5 Ra7 40.Ra5 h6 41.Ra4
g5 42.Kg3 h5 43.h4 Kf6 44.hxg5+ Kxg5 45.Ra5+ Kh6 46.Kh4 Kg6 47.f4
Kf6 48.Kxh5 Rh7+ 49.Kg4 Rg7+ 50.Rg5 Ra7 51.f5 Ke5 52.f4+ Kf6
53.Rg6+ Kf7 54.Kg5 Kf8 55.Rf6+ Kg7 56.Rh6 Kf8 57.Re6 Ra8 58.Kf6
Kg8 59.Rc6 Ra7 60.Kg5 Kh7 61.Rb6 Kg8 62.Rb8+ Kf7 63.Rb7+ Rxb7
64.axb7 Kg7 65.b8Q Kh7 1-0

[Event "Washington Class Championships"]
[Site "Lynnwood, WA"]
[Date "2014.11.28"]
[Round "2"]
[White "Hou Frank  (WA)"]
[Black "Campbell Tim  (WA)"]
[Result "0-1"]
[WhiteElo "1773"]
[BlackElo "1737"]
[Annotator ""]
[Source ""]
[Remark "Class B"]

1.e4 c5 2.Nf3 Nc6 3.d4 cxd4 4.Nxd4 g6 5.c4 Bg7 6.Be3 Nf6 7.Nc3
O-O 8.h3 d6 9.Bd3 Bd7 10.Qd2 Rc8 11.Nde2 Ne5 12.b3 Nxd3+ 13.Qxd3
Bc6 14.Rd1 Re8 15.a4 Qa5 16.O-O e6 17.Ng3 d5 18.exd5 exd5 19.cxd5
Rcd8 20.d6 Re6 21.Nb5 Bxb5 22.Qxb5 Qxb5 23.axb5 b6 24.Ra1 Rd7
25.Rfd1 Ne8 26.Bf4 Bxa1 27.Rxa1 Nxd6 28.Rd1 Kf8 29.f3 Ke7 30.Rd5
Nb7 31.Rxd7+ Kxd7 32.Ne4 Nd6 33.Nxd6 Rxd6 34.Bxd6 Kxd6 35.Kf2
Kc5 36.Ke3 Kb4 37.Kd4 Kxb3 38.f4 Kb4 39.g4 Kxb5 40.Ke5 a5 41.Kf6
a4 42.Kxf7 a3 43.Kg7 a2 44.Kxh7 a1Q 45.Kxg6 Qf1 46.f5 Qxh3 47.g5
Kc6 48.f6 Qe6 49.Kg7 Qe5 50.Kg6 b5 51.f7 Qh8 52.Kf5 Qg7 53.g6
Kd5 54.Kg5 Ke4 55.Kg4 Qxg6+ 56.Kh3 Qxf7 57.Kg2 Ke3 58.Kh2 Kf3
59.Kg1 Qh7 60.Kf1 Qb1# 0-1

[Event "Washington Class Championships"]
[Site "Lynnwood, WA"]
[Date "2014.11.28"]
[Round "2"]
[White "Zhang Brendan  (WA)"]
[Black "Bartron Paul  (WA)"]
[Result "1/2-1/2"]
[WhiteElo "1869"]
[BlackElo "2133"]
[Annotator ""]
[Source ""]
[Remark "Expert"]

1.d4 d5 2.c4 dxc4 3.e3 e6 4.Bxc4 Nf6 5.Nc3 c5 6.Nf3 a6 7.a4 Nc6
8.O-O Be7 9.Ne2 O-O 10.Qc2 Bd7 11.dxc5 Nb4 12.Qb3 Bxc5 13.Bd2
Qe7 14.Ng3 b5 15.axb5 axb5 16.Be2 Bc6 17.Bxb4 Bxb4 18.Nd4 Bd5
19.Qd1 Rxa1 20.Qxa1 Qb7 21.f3 Ra8 22.Qd1 Bc4 23.Bxc4 bxc4 24.Qc2
Rc8 25.Rc1 Nd5 26.Qe2 h6 27.Kf2 c3 28.bxc3 Rxc3 29.Rxc3 Bxc3
30.Qb5 Qxb5 31.Nxb5 Bb4 32.Ke2 Bc5 33.Nd4 e5 34.Nc2 g6 35.Ne4
Be7 36.Kd3 f5 37.Nc3 Nb6 38.e4 Kf7 39.Ne3 Ke6 40.Ned5 1/2-1/2

[Event "Washington Class Championships"]
[Site "Lynnwood, WA"]
[Date "2014.11.29"]
[Round "3"]
[White "Bartron Paul  (WA)"]
[Black "Jiang Peiqi (Tony)  (WA)"]
[Result "1/2-1/2"]
[WhiteElo "2133"]
[BlackElo "1719"]
[Annotator ""]
[Source ""]
[Remark "Expert"]

1.e4 e6 2.d4 d5 3.Nc3 dxe4 4.Nxe4 Nd7 5.Nf3 Ngf6 6.Ng3 Be7 7.Bd3
b6 8.O-O Bb7 9.Re1 O-O 10.Qe2 c5 11.c3 cxd4 12.cxd4 Nd5 13.Bd2
N7f6 14.a3 Nc7 15.Rac1 Rc8 16.Ne4 Nxe4 17.Bxe4 Bxe4 18.Qxe4 Nd5
19.Rxc8 Qxc8 20.Rc1 Qd7 21.Ne5 Qb7 22.Nc6 Bf6 23.Nb4 Qd7 24.Nxd5
exd5 25.Qf4 Rc8 26.h3 Rxc1+ 27.Bxc1 h6 28.Qb8+ Kh7 29.Be3 Qa4
30.Qb7 Bxd4 31.Qxf7 Bxe3 32.Qf5+ Kh8 33.Qf8+ Kh7 34.Qf5+ Kh8
35.Qf8+ 1/2-1/2

[Event "Washington Class Championships"]
[Site "Lynnwood, WA"]
[Date "2014.11.29"]
[Round "2"]
[White "Pupols Viktors  (WA)"]
[Black "Fields Noah  (WA)"]
[Result "1-0"]
[WhiteElo "2200"]
[BlackElo "2056"]
[Annotator ""]
[Source ""]
[Remark "Master"]

1.d4 d5 2.c4 e6 3.Nc3 Nf6 4.Bg5 Nbd7 5.Rc1 Be7 6.e3 c6 7.Bd3
dxc4 8.Bxc4 Qa5 9.Nf3 h6 10.Bh4 Nd5 11.Bxe7 Nxe7 12.O-O O-O 13.Qc2
e5 14.a3 exd4 15.Nxd4 Ne5 16.Be2 c5 17.Nf3 N7g6 18.Nd5 c4 19.Nxe5
Nxe5 20.Qe4 Re8 21.Bxc4 Bg4 22.Qd4 Nxc4 23.Rxc4 Be2 24.Rc5 b5
25.Rfc1 Rad8 26.f3 Qa6 27.e4 Bc4 28.Qf2 Bxd5 29.Rxd5 Rxd5 30.exd5
Qd6 31.Qd4 Re5 32.Rd1 Rh5 33.g3 Re5 34.Qxa7 Re2 35.Qd4 Rc2 36.Rd2
Rxd2 37.Qxd2 Kf8 38.Kg2 Ke7 39.Qd4 f6 40.Kf2 Qd7 41.d6+ Qxd6
42.Qxd6+ Kxd6 43.Ke3 Ke5 44.g4 g5 45.b3 f5 46.gxf5 Kxf5 47.a4 1-0

[Event "Washington Class Championships"]
[Site "Lynnwood, WA"]
[Date "2014.11.29"]
[Round "2"]
[White "Hendricks David  (WA)"]
[Black "Ramesh Jothi  (WA)"]
[Result "0-1"]
[WhiteElo "1630"]
[BlackElo "1696"]
[Annotator ""]
[Source ""]
[Remark "Class B"]

1.d4 Nf6 2.Bf4 e6 3.e3 b6 4.Nf3 Bb7 5.Bd3 Nc6 6.Nbd2 d5 7.c3
Be7 8.h3 h6 9.O-O O-O 10.Ne5 Nxe5 11.dxe5 Nd7 12.Qg4 Bg5 13.Bg3
c5 14.h4 Be7 15.Bf4 Kh8 16.Qh5 f5 17.Bxh6 gxh6 18.Qxh6+ Kg8 19.Qxe6+
Kg7 20.Bxf5 Rxf5 21.Qxf5 Bxh4 22.g3 Be7 23.Nf3 Nf8 24.Kg2 Ng6
25.Rh1 d4 26.cxd4 Qd5 27.e4 Qxe4 28.Qxe4 Bxe4 29.Rae1 Bd5 30.Rh5
Rf8 31.Re3 cxd4 32.Rd3 Be4 33.Rb3 d3 34.Rxd3 Bxd3 35.Nd4 Bc4
36.Nf5+ Kf7 37.Rh7+ Kg8 38.Rg7+ Kh8 39.Rxe7 Nxe7 40.Nxe7 Re8
41.Nc6 Bd5+ 0-1

[Event "Washington Class Championships"]
[Site "Lynnwood, WA"]
[Date "2014.11.29"]
[Round "2"]
[White "Feng Roland  (WA)"]
[Black "Villavieja Butch  (CAN)"]
[Result "1-0"]
[WhiteElo "2276"]
[BlackElo "2236"]
[Annotator ""]
[Source ""]
[Remark "Master"]

1.d4 Nf6 2.c4 g6 3.Nc3 Bg7 4.Nf3 O-O 5.Bg5 d6 6.e3 Nbd7 7.Be2
c6 8.O-O h6 9.Bh4 e5 10.Qc2 g5 11.Bg3 Nh5 12.dxe5 dxe5 13.Rad1
Qe7 14.Nd2 Nxg3 15.hxg3 f5 16.g4 Nc5 17.b4 Na6 18.a3 Nc7 19.gxf5
Bxf5 20.Nde4 a5 21.c5 axb4 22.axb4 Kh8 23.Qb3 g4 24.Ng3 Qh4 25.Qc4
Be6 26.Qe4 Nd5 27.Nxd5 cxd5 28.Rxd5 Bxd5 29.Qxd5 Rxf2 30.Rxf2
Qxg3 31.Qe4 h5 32.Bd3 Ra1+ 33.Rf1 Rxf1+ 34.Kxf1 Kg8 35.Bc4+ Kh8
36.Bd3 Kg8 37.Qd5+ Kf8 38.Bg6 1-0

[Event "Washington Class Championships"]
[Site "Lynnwood, WA"]
[Date "2014.11.29"]
[Round "2"]
[White "Tiglon Jeffrey  (WA)"]
[Black "Wu Ethan  (WA)"]
[Result "0-1"]
[WhiteElo "1300"]
[BlackElo "733"]
[Annotator ""]
[Source ""]
[Remark "Class E"]

1.c4 c5 2.Nc3 g6 3.e3 Bg7 4.Nge2 Nc6 5.g3 e5 6.Bg2 d6 7.f4 Be6
8.b3 Qd7 9.fxe5 dxe5 10.h3 Nge7 11.Ne4 b6 12.Bb2 Nb4 13.Nf2 Rd8
14.Bc3 O-O 15.d4 exd4 16.exd4 f5 17.a3 Na6 18.d5 Bxc3+ 19.Nxc3
Bf7 20.O-O Nc7 21.Nd3 b5 22.Nxc5 Qd6 23.Nb7 Qb6+ 24.c5 Qxb7 25.d6
Qc8 26.dxe7 Rxd1 27.exf8Q+ Qxf8 28.Nxd1 Qxc5+ 29.Nf2 Bxb3 30.Kh2
Nd5 31.Nd3 Qd4 32.Nb4 Ne3 33.Rfe1 Nxg2 34.Kxg2 a5 35.Rab1 Bc4
36.Rbd1 Qb2+ 37.Kg1 axb4 38.Rd7 Kf8 39.Red1 bxa3 40.Rd8+ Kg7
41.R8d2 Qxd2 42.Rxd2 a2 43.Rd1 b4 0-1

[Event "Washington Class Championships"]
[Site "Lynnwood, WA"]
[Date "2014.11.29"]
[Round "2"]
[White "Szabo Marcell  (WA)"]
[Black "Koons Nat  (WA)"]
[Result "0-1"]
[WhiteElo "2169"]
[BlackElo "2303"]
[Annotator ""]
[Source ""]
[Remark "Master"]

1.d4 Nf6 2.Bg5 Ne4 3.Bf4 d5 4.e3 c5 5.c3 Nc6 6.Bd3 cxd4 7.exd4
Bf5 8.Nf3 e6 9.O-O Bd6 10.Bxd6 Qxd6 11.Re1 Bg6 12.c4 O-O 13.cxd5
exd5 14.Nc3 Rfe8 15.Qb3 Nxc3 16.Qxc3 Bxd3 17.Qxd3 h6 18.a3 a6
19.Qf5 Re6 20.Re3 Rae8 21.Rae1 R8e7 22.g3 Rxe3 23.Rxe3 Rxe3 24.fxe3
Qe6 25.Qxe6 fxe6 26.Kf2 Kf7 27.Ke2 Kf6 28.Kd3 Kf5 29.h3 e5 30.Nd2
h5 31.dxe5 g5 32.e6 Kxe6 33.e4 Kd6 34.Ke3 d4+ 35.Kd3 a5 36.Nc4+
Ke6 37.Nb6 h4 38.gxh4 gxh4 39.Nc4 b5 40.Nd2 a4 41.e5 Kd5 42.e6
Ne5+ 43.Ke2 Kxe6 44.Ne4 Kd5 45.Nf2 Kc4 46.Ne4 Kd5 47.Nf2 b4 48.axb4
Kc4 49.Kd2 Kxb4 50.Kc2 d3+ 51.Kd2 Kc4 52.Ne4 Kd4 53.Nd6 Nc4+
54.Nxc4 Kxc4 0-1

[Event "Washington Class Championships"]
[Site "Lynnwood, WA"]
[Date "2014.11.29"]
[Round "2"]
[White "Yeo Noah  (WA)"]
[Black "Seshadri Sridhar  (WA)"]
[Result "1-0"]
[WhiteElo "1731"]
[BlackElo "1740"]
[Annotator ""]
[Source ""]
[Remark "Class A"]

1.e4 d6 2.d4 e5 3.dxe5 dxe5 4.Qxd8+ Kxd8 5.Bc4 f6 6.Nc3 c6 7.f4
Bd6 8.fxe5 Bxe5 9.Bd2 Bg4 10.Nge2 Nd7 11.O-O-O Kc7 12.h3 Bh5
13.g4 Bg6 14.Nf4 Bxf4 15.Bxf4+ Ne5 16.Be6 Rd8 17.Rxd8 Kxd8 18.Rd1+
Ke7 19.Bc8 h5 20.Bxb7 hxg4 21.hxg4 Nh6 22.Bxe5 fxe5 23.g5 Ng4
24.Bxc6 Ne3 25.Nd5+ Kd6 26.Nxe3+ Kxc6 27.Nc4 Bxe4 28.Nxe5+ Kb5
29.b3 Rh2 30.a4+ Kb6 31.Rd2 Rh3 32.Nc4+ Kc7 33.Re2 Rh4 34.Nd2
Bd5 35.Re7+ Kd6 36.Rxg7 Kc5 37.Kb2 Rh2 38.Nb1 Rg2 39.Rxa7 Be4
40.Na3 Kb4 41.Rc7 Bd5 42.Rc8 Rxg5 43.Rb8+ Kc5 44.Rb5+ Kc6 45.Nc4
Rg8 46.Ne5+ Kd6 47.Nd3 Be4 48.Rb6+ Kc7 49.Rf6 Rg2 50.Rf2 Rg3
51.Kc3 Bg6 52.b4 Rg5 53.Kd4 Be8 54.a5 Ba4 55.c4 Rg7 56.Ra2 Bc6
57.b5 Rg4+ 58.Kc5 Rg5+ 59.Kb4 Ba8 60.Nc5 Rg1 1-0

[Event "Washington Class Championships"]
[Site "Lynnwood, WA"]
[Date "2014.11.29"]
[Round "2"]
[White "Kumar Ramesh  (WA)"]
[Black "Lee Addison  (WA)"]
[Result "1-0"]
[WhiteElo "1213"]
[BlackElo "1657"]
[Annotator ""]
[Source ""]
[Remark "Class C"]

1.e4 e5 2.Nf3 Nc6 3.Bc4 d6 4.d4 exd4 5.Nxd4 Nxd4 6.Qxd4 Nf6 7.Nc3
Be7 8.Bg5 h6 9.Bh4 Be6 10.Bxe6 fxe6 11.e5 Nd7 12.Bxe7 Qxe7 13.exd6
Qxd6 14.Qxg7 O-O-O 15.Qg3 Qb4 16.O-O-O Nb6 17.a3 Qe7 18.Rxd8+
Rxd8 19.Rd1 Rxd1+ 20.Nxd1 Nd5 21.Qe5 Kd7 22.Ne3 Nxe3 23.Qxe3
Qg5 24.Qxg5 hxg5 25.Kd2 e5 26.g4 Ke6 27.Ke3 c5 28.Ke4 b5 29.b3
a5 30.c3 b4 31.cxb4 cxb4 32.axb4 axb4 33.h3 Kd6 34.Kf5 Kd5 35.Kxg5
Kd4 36.Kf5 Kc3 37.g5 Kxb3 38.g6 Kc3 39.g7 b3 40.g8Q b2 41.Qc8+
{   The remainder of the scoresheet is missing many moves, but the outome should be clear.}
 1-0

[Event "Washington Class Championships"]
[Site "Lynnwood, WA"]
[Date "2014.11.29"]
[Round "2"]
[White "Jiang Andrew  (WA)"]
[Black "Pogrebinsky Ethan  (WA)"]
[Result "1-0"]
[WhiteElo "418"]
[BlackElo "886"]
[Annotator ""]
[Source ""]
[Remark "Class E"]

1.e4 e5 2.Nf3 Nc6 3.d4 exd4 4.Nxd4 g6 5.Nxc6 bxc6 6.Bc4 Bg7 7.Qf3
Qe7 8.Qe3 Qb4+ 9.Bd2 Qxc4 10.Na3 Qe6 11.O-O-O Qxa2 12.Bc3 Bxc3
13.Qxc3 f6 14.e5 Qe6 15.Rhe1 Kf7 16.Nc4 Ba6 17.Na3 Ne7 18.exf6
Qxf6 19.Rxd7 Rhe8 20.Qxf6+ Kxf6 21.Rxc7 Bb5 22.Nxb5 cxb5 23.Rb7
a6 24.Rb6+ Kf7 25.Ree6 b4 26.Rxa6 Nd5 27.Rxa8 Rxe6 28.Rd8 Nf4
29.g3 Nh3 30.f4 Re2 31.Rh8 Kg7 32.Rb8 {  The rest of the game is unavailable, but somehow, White managed to win.  Exactly how, we may never know...}
 1-0